00414nam a2200169Ia 4500003000400000005001700004008004100021020000600062040000700068041000800075082001600083100001700099245005700116260004200173300001600215365001300231OSt20230413112208.0210423s2011 xx 000 0 und d a- cAL aeng a510.02 BOSS aBOSCO (S S). aTheory and problems in mathematics II PUC text book. aMangalorebBoscoss Publicationsc2011 axvi,667bPB b284cINR